000 00280nam a22001217a 4500
040 _cSK
082 _a333
100 _aBILIANA CICIN
245 _aIntegrated coastal and ocean management concepts and practices
260 _aCALIFORNAI
_bBIL
_c1998
300 _a517p.
942 _cEK
999 _c8908
_d8908